| 000 -CABECERA |
| Longitud fija campo de control |
00645nam a22002057a 4500 |
| 003 - IDENTIFICADOR DEL NÚMERO DE CONTROL |
| Identificador del número de control |
OSt |
| 005 - FECHA Y HORA DE LA ÚLTIMA TRANSACCIÓN |
| Fecha y hora de la última transacción |
20131204154746.0 |
| 008 - CÓDIGOS DE INFORMACIÓN DE LONGITUD FIJA |
| Códigos de información de longitud fija |
131009b xxu||||| |||| 00| 0 eng d |
| 020 ## - NÚMERO INTERNACIONAL NORMALIZADO PARA LIBROS |
| Número Internacional Normalizado para Libros (ISBN) |
84-7509-480-5 |
| 024 ## - OTROS IDENTIFICADORES NORMALIZADOS |
| Fuente del número o código |
Dipósit Legal |
| Número normalizado o código |
B-1.580/1995 |
| 040 ## - FUENTE DE LA CATALOGACIÓN |
| Centro transcriptor |
Centre de documentació Montserrat Roig |
| Lengua de catalogación |
cat |
| 100 ## - PUNTO DE ACCESO PRINCIPAL-NOMBRE DE PERSONA |
| 9 (RLIN) |
3359 |
| Nombre de persona |
Martínez Abadía, José |
| 245 ## - MENCIÓN DE TÍTULO |
| Título |
Introducción a la tecnología audiovisual |
| Resto del título |
: televisión, vídeo, radio |
| Mención de responsabilidad, etc. |
José Martízez Abadía |
| 250 ## - MENCIÓN DE EDICIÓN |
| Resto de la mención de edición |
5a ed. |
| 260 ## - PUBLICACIÓN, DISTRIBUCIÓN, ETC. (PIE DE IMPRENTA) |
| Lugar de publicación, distribución, etc. |
España |
| Fecha de publicación, distribución, etc. |
1995 |
| Nombre del editor, distribuidor, etc. |
Paidós |
| 300 ## - DESCRIPCIÓN FÍSICA |
| Extensión |
238 p. |
| 490 ## - MENCIÓN DE SERIE |
| Mención de serie |
Paidós Comunicación |
| Designación de volumen o secuencia |
31 |
| 650 04 - PUNTO DE ACCESO ADICIONAL DE MATERIA - TÉRMINO DE MATERIA |
| 9 (RLIN) |
3786 |
| Término de materia o nombre geográfico como elemento inicial |
Audiovisuals |
| Subdivisión de materia general |
Tècnica |
| 942 ## - ENTRADA DE ELEMENTOS AGREGADOS (KOHA) |
| Fuente de clasificaión o esquema |
|
| Koha [por defecto] tipo de item |
Monografies |